| 000 | 00651nam a2200193Ia 4500 | ||
|---|---|---|---|
| 003 | GCL | ||
| 008 | 140319s9999 xx 000 0 ara d | ||
| 040 |
_aGCL / _cGCL |
||
| 082 | 0 | 4 |
_a822 _bم ر |
| 100 | 1 | _aسعد اردش | |
| 245 | 1 | 0 |
_aخادم سيدين / _cسعد اردش |
| 700 | 1 | _aجولدونى، كارلو | |
| 260 |
_aالقاهرة : _bالمركز القومى للمسرح والموسيقى ، _c2005 |
||
| 300 |
_a205 ص ؛ _c20 سم |
||
| 490 |
_aروائع المسرح العالمى _v15 |
||
| 650 | 0 | 4 | _aالمسرح الانجليزى المترجم |
| 650 | 0 | 4 | _aالادب العالمى المترجم |
| 942 |
_2ddc _cBK |
||
| 999 |
_c6811 _d6811 |
||